00345nam a2200085Ia 4500008004100000245006700041260000900108300010900117650003300226180130s9999 xx 000 0 und d cCodd, R. Trent IIIaTechnology in CBT training and supervision c2016 aBook title: Teaching and supervising cognitive behavioral therapy--Acession number C20879; pages 121-132 aCOGNITIVE BEHAVIORAL THERAPY